[Event "Sukhumi op"]
[Site "Sukhumi"]
[Date "2008.08.12"]
[Round "9"]
[White "Gutkis, Vladimir"]
[Black "Korchmar, Arkady"]
[Result "1-0"]
[WhiteElo "2260"]
[BlackElo "2150"]
[PlyCount "65"]
[EventDate "2008.08.03"]
[EventType "swiss"]
[EventRounds "9"]
[EventCountry "GEO"]
[SourceTitle "CBM 126 Extra"]
[Source "ChessBase"]
[SourceDate "2008.11.05"]
[SourceVersion "1"]
[SourceVersionDate "2008.11.05"]
[SourceQuality "1"]

1. e4 c5 2. Nf3 Nc6 3. c3 d5 4. exd5 Qxd5 5. d4 Bg4 6. Be2 e6 7. h3 Bf5 8. Na3 cxd4 9. Nb5 0-0-0 10. Nbxd4 Nxd4 11. Qxd4 Qxd4 12. Nxd4 Be4 13. 0-0 Bc5 14. Be3 Bb6 15. a4 e5 16. a5 Bxd4 17. cxd4 exd4 18. Rfc1+ Bc6 19. Bf4 Ne7 20. a6 f5 21. b4 d3 22. Bf3 Rd4 23. Be3 Rxb4 24. Bc5 d2 25. Rc2 Rd8 26. Bxb4 Nd5 27. Bxd5 Rxd5 28. axb7+ Kxb7 29. Rxd2 Rb5 30. Bc3 g5 31. Re2 Be4 32. f3 Bd3 33. Re7+ 1-0